000
00321nam a2200121Ia 4500
008
210430s9999 xx 000 0 und d
082
_a
355 H254R
100
_a
B.H. Liddell Hart
245
4
_a
The Revolution in Warfare /
_c
B.H. Liddell Hart
260
_a
London
_b
Faber and Faber Ltd
300
_a
100
942
_c
BK
_2
ddc
999
_c
565205
_d
565205